00000000cam 2200000zi 4500
0019.959678
003CaOODSP
00520260603105343
006m     o  d f      
007cr cn|||||||||
008260209t20252026onc     ob   f000 0 eng d
020 |a9780660983028
040 |aCaOODSP|beng|erda|cCaOODSP
043 |an-cn---
0861 |aT94-111/2026E-PDF
24500|aFollow-up review of Housing, Infrastructure and Communities Canada response to external audits : |bfinal report / |cInternal Audit Directorate, Audit and Evaluation Branch.
24617|aFollow-up review of HICC’s response to external audits — final report
264 1|aOttawa, Ontario : |bHousing, Infrastructure and Communities Canada = Logement, Infrastructures et Collectivités Canada, |cOctober 2025.
264 4|c©2026
300 |a1 online resource (38 pages)
336 |atext|btxt|2rdacontent
337 |acomputer|bc|2rdamedia
338 |aonline resource|bcr|2rdacarrier
500 |aCover title.
500 |aIssued also in French under title: Examen de suivi de la réponse de Logement, Infrastructureset Collectivités Canada (LICC) aux vérifications externes : rapport final.
504 |aIncludes bibliographical references.
61010|aCanada. |bHousing, Infrastructure and Communities Canada|xAuditing.
7101 |aCanada. |bHousing, Infrastructure and Communities Canada, |bAudit and Evaluation Branch, |eissuing body.
77508|tExamen de suivi de la réponse de Logement, Infrastructures et Collectivités Canada (LICC) aux vérifications externes : |w(CaOODSP)9.959679
85640|qPDF|s741 KB|uhttps://publications.gc.ca/collections/collection_2026/licc-hicc/T94-111-2026-eng.pdf
8564 |qHTML|sN/A|uhttps://housing-infrastructure.canada.ca/pd-dp/ia-vi/review-external-audits-response-examen-verifications-externes-eng.html